Modern Control systems / (Record no. 172)

MARC details
000 -LEADER
Fixed length control field 00558nam a2200205 4500
003 - CONTROL NUMBER IDENTIFIER
Control field SEACOMEC
005 - DATE AND TIME OF LATEST TRANSACTION
Control field 20250113135503.0
008 - FIXED-LENGTH DATA ELEMENTS--GENERAL INFORMATION
Fixed length control field 231006b |||||||| |||| 00| 0 eng d
020 ## - INTERNATIONAL STANDARD BOOK NUMBER / ISBN
International Standard Book Number 978-0201308648
040 ## - CATALOGING SOURCE
Original cataloging agency SEACOMEC
082 ## - DEWEY DECIMAL CLASSIFICATION NUMBER
Classification number 629.8
Book Number D693
100 1# - MAIN ENTRY--PERSONAL NAME
Personal name Dorf, Richard C.
245 1# - TITLE STATEMENT
Title Modern Control systems /
Statement of responsibility Richard C. Dorf and Robert H. Bishop
250 ## - EDITION STATEMENT
Edition statement 8th ed.
260 ## - IMPRINT
Place of publication Delhi
Name of publisher Pearson
Date of publication 2006
650 ## - SUBJECT ADDED ENTRY--TOPICAL TERM
Topical term Other branches of engineering
650 ## - SUBJECT ADDED ENTRY--TOPICAL TERM
Topical term Automatic control engineering
700 1# - ADDED ENTRY--PERSONAL NAME
Personal name Bishop, Robert H.
942 ## - ADDED ENTRY ELEMENTS (KOHA)
Koha item type Books
Holdings
Withdrawn status Lost status Source of classification Damaged status Not for loan Home library Current library Date acquired Total Checkouts Call number Accession number Date last seen Price effective from Koha item type
    Dewey Decimal Classification     SEACOM ENGINEERING COLLEGE SEACOM ENGINEERING COLLEGE 17/04/2024   629.8 D693 5140 17/04/2024 17/04/2024 Books
© Seacom Engineering College, All rights reserved.      Powered by Koha